000 00718nam a2200289Ia 4500
005 20260324150613.0
008 008 260324s9999 xx 000 0 eng d
020 _a9781315013770
037 _aEBOOK
040 _aCRL
040 _beng
040 _cCRL
041 _2eng
041 _aeng
084 _qCRL
100 _aCyril Sofer; Geoffrey Hutton
_91226986
245 0 _aNew Ways in Management Training
245 2 _bA technical college develops its services to industry
260 _bTaylor and Francis
260 _c1958
365 _a
365 _b300
856 _uhttp://www.taylorfrancis.com/books/9781315013770
942 _cEBOOK
999 _c1836724
_d1836724